00282pab a2200121 454500008004000000100002400040245003200064260000900096300001100105362000900116650001500125773002000140180718b1997 xxu||||| |||| 00| 0 eng d aEberstadt, Nicholas aWorld population implosion? c1997 ap.3-22 aFall aPopulation aPublic Interest